|
|
|
|
| LEADER |
00000naa a2200000uu 4500 |
| 001 |
vtls010957018 |
| 003 |
SK-MaSNL |
| 005 |
20260302130142.0 |
| 008 |
220810|1997 xo |||||||||||||||||cze| |
| 015 |
|
|
|a SNBRA
|
| 035 |
|
|
|a (urnnbn)urn:nbn:sk:snk:ar-a0bomc
|
| 035 |
|
|
|a (uuid)605c55f7-c77c-4a73-a37f-c06990b39fcc
|
| 035 |
|
|
|a urn:nbn:sk:snk-aaugda
|
| 040 |
|
|
|a SNKBUCL
|b slo
|c SNKBUCL
|e AACR2
|
| 041 |
0 |
|
|a cze
|
| 044 |
|
|
|a xo
|c SK
|
| 100 |
1 |
|
|a Nešlehová, Mahulena
|4 aut
|9 813991
|
| 245 |
1 |
0 |
|a RŮZNOSTI VERISTICKÉ OBRAZNOSTI
|b (Příspěvek k problematice českého umění 70. let)
|c Mahulena Nešlehová
|
| 773 |
0 |
|
|t Umenie sedemdesiatych rokov
|d V Bratislave : Vysoká škola výtvarných umení ; V Bratislave : Slovenská národná galéria, 1997
|g S. 64-71
|z 8088675480
|
| 954 |
|
|
|a odborná, vedecká literatúra cudzojazyčná (svetová)
|2 lita
|
| 958 |
|
|
|a OND
|
| 958 |
|
|
|a article11
|
| 958 |
|
|
|a chapter
|
| 999 |
|
|
|c 1297608
|d 1299538
|